00895nam a2200229Ia 450000500170000000800410001702000180005804100080007608200160008410000230010024500740012326000490019730000090024650000200025565000280027570000230030390600100032694200070033699900170034395201540036095201510051420230327151608.0230125s9999 xx 000 0 und d a81-85985-06-5 aeng a640.43bHUT aHutchins D9110715 aJust in time : Quality productivity excelllence perfection leadership c1990bProductivity press publicationaMadras a221p aTime Management aTime Management9180650 aHutchins D9110715 b147.5 cBK c87580d87580 00104070aHIMRbHIMRd2015-06-18eDonated Book- Outside Donarg295.00o640.43 HUT DB2007pHIMR-DB-2007r2023-01-25 00:00:00w2023-01-25yDBzDB2007 00104070aHIMRbHIMRd1998-01-02eWord Book Shopg295.00l0o640.43 HUT B00800pHIMR-BK-800r2023-01-25 00:00:00v251.00w1998-02-01yBKzB00800